Languages of India (Record no. 7625)
[ view plain ]
| 000 -LEADER | |
|---|---|
| fixed length control field | 00516cam a2200217ua 4500 |
| 001 - CONTROL NUMBER | |
| control field | 8530 |
| 005 - DATE AND TIME OF LATEST TRANSACTION | |
| control field | 20260515114339.0 |
| 008 - FIXED-LENGTH DATA ELEMENTS--GENERAL INFORMATION | |
| fixed length control field | 150213n ii |||gr||||Z||||||eng |
| 020 ## - INTERNATIONAL STANDARD BOOK NUMBER | |
| International Standard Book Number | 9788123729367 |
| 040 ## - CATALOGING SOURCE | |
| Transcribing agency | MAIN |
| 041 ## - LANGUAGE CODE | |
| Language code of text/sound track or separate title | eng |
| 082 ## - DEWEY DECIMAL CLASSIFICATION NUMBER | |
| Classification number | 420.954 |
| 100 ## - MAIN ENTRY--PERSONAL NAME | |
| Personal name | Hardar,G., |
| Relator term | Author. |
| 245 ## - TITLE STATEMENT | |
| Title | Languages of India |
| Statement of responsibility, etc. | By Gopal Haldar |
| 250 ## - EDITION STATEMENT | |
| Edition statement | 1st. |
| 260 ## - PUBLICATION, DISTRIBUTION, ETC. | |
| Place of publication, distribution, etc. | New Delhi: |
| Name of publisher, distributor, etc. | National, |
| Date of publication, distribution, etc. | 2000. |
| 300 ## - PHYSICAL DESCRIPTION | |
| Extent | xx,194p. |
| 653 ## - INDEX TERM--UNCONTROLLED | |
| Uncontrolled term | English & Old English |
| 653 ## - INDEX TERM--UNCONTROLLED | |
| Uncontrolled term | Languages of India |
| 942 ## - ADDED ENTRY ELEMENTS (KOHA) | |
| Koha item type | Books |
| Withdrawn status | Lost status | Damaged status | Not for loan | Home library | Current library | Shelving location | Date acquired | Total checkouts | Full call number | Barcode | Date last seen | Copy number | Price effective from | Koha item type |
|---|---|---|---|---|---|---|---|---|---|---|---|---|---|---|
| Naharkatiya College Library | Naharkatiya College Library | General stacks | 09/19/2020 | 420.954 | HAL | 16034 | 09/19/2020 | 2 | 09/19/2020 | Books | |||||
| Naharkatiya College Library | Naharkatiya College Library | General stacks | 09/19/2020 | 420.954 | HAL | 16711 | 09/19/2020 | 5 | 09/19/2020 | Books | |||||
| Naharkatiya College Library | Naharkatiya College Library | General stacks | 09/19/2020 | 420.954 | HAL | 17862 | 09/19/2020 | 1 | 09/19/2020 | Books | |||||
| Naharkatiya College Library | Naharkatiya College Library | General stacks | 09/19/2020 | 420.954 | HAL | 17863 | 09/19/2020 | 4 | 09/19/2020 | Books | |||||
| Naharkatiya College Library | Naharkatiya College Library | General stacks | 09/19/2020 | 420.954 | HAL | 5753 | 09/19/2020 | 3 | 09/19/2020 | Books |